00531nam a2200157Ia 4500003000900000008004100009020001800050040001600068080001100084100002100095245016800116260003900284300001500323650001600338650001900354IN-BaIIA211028s9999 xx 000 0 eng d a0-7167-0337-8 cIIA Library a5bKLA aKlauder, John R. 0aMagic without magicbjohn archibald wheeler a collection of essays in honor of his sixtieth birthdaycJohn R. Klauder  aSan FranciscobW. H. Freemanc1972 axii, 491p. aJ.H.Wheeler aScience essays